MAASAI MARA UNIVERSITY

LIBRARY CATALOGUE

Contact Us: +254 020 2685356/7 or 0774 057787

Box: 861-20500, NAROK, KENYA

Email: info@mmarau.ac.ke

_An Evolving Secret The National Library of Poetry / Chris Tyler (Record no. 7099)

MARC details
000 -LEADER
fixed length control field 00421nam a2200145Ia 4500
008 - FIXED-LENGTH DATA ELEMENTS--GENERAL INFORMATION
fixed length control field 151021s9999 xx 000 0 und d
020 ## - INTERNATIONAL STANDARD BOOK NUMBER
International Standard Book Number 157553570
050 ## - LIBRARY OF CONGRESS CALL NUMBER
Classification number PS 65 .T62 1997
245 ## - TITLE STATEMENT
Title _An Evolving Secret The National Library of Poetry / Chris Tyler
260 ## - PUBLICATION, DISTRIBUTION, ETC. (IMPRINT)
Place of publication, distribution, etc. [s.l] Watermark Press, 1997
300 ## - PHYSICAL DESCRIPTION
Extent iv,275 p.
500 ## - GENERAL NOTE
General note Includes index
650 ## - SUBJECT ADDED ENTRY--TOPICAL TERM
Topical term or geographic name as entry element _Poetry
980 ## - EQUIVALENCE OR CROSS-REFERENCE-SERIES STATEMENT--PERSONAL NAME/TITLE [LOCAL, CANADA]
Personal name ^d20110420 12:10:29^okilerai

No items available.

© 2016 Maasai Mara University.